Normal view
MARC view
Entry Personal Name
001 - CONTROL NUMBER
- control field: 943951
003 - CONTROL NUMBER IDENTIFIER
- control field: OSt
005 - DATE AND TIME OF LATEST TRANSACTION
- control field: 20260121110244.0
008 - FIXED-LENGTH DATA ELEMENTS
- fixed length control field: 260121|| aca||aabn | a|a d
040 ## - CATALOGING SOURCE
- Original cataloging agency: OSt
- Transcribing agency: OSt
100 ## - HEADING--PERSONAL NAME
- Personal name: समीर सरदाना / Sameer Sardana
670 ## - SOURCE DATA FOUND
- Source citation: Work cat.: (OSt)1535616: समीर सरदाना / Sameer Sardana, ग्रमीण क्षेत्रें में रहने से संबंधित मुद्दे एवं समस्या / Gramin Kshetron Mein Rehne Se Sambandhit Mudde Aur Samasyaayein, 2020
